000 00293nam a2200121Ia 4500
008 190216s9999||||xx |||||||||||||| ||und||
100 _aNarendra K Sethi
245 0 _aManagement Perspectives
260 _bNew Central Book Agencies
_c1972
300 _a311p
650 _aCommerce
942 _cBK
999 _c4177
_d4177